000 00362nam a22001577a 4500
003 MPLRDC
005 20220104114422.0
008 210129b ||||| |||| 00| 0 eng d
082 _a857.63 CKL v.3 c.5
100 _a岑凯伦著
245 _a相思鸟
_c
260 _a
_b环球出版社
_c1990
300 _b
650 _a
942 _cBK
_o857.63 CKL v.3 c.5
999 _c7324
_d7314